| 000 | 01161nam a2200241Ia 4500 | ||
|---|---|---|---|
| 999 |
_c5584 _d5584 |
||
| 003 | OSt | ||
| 005 | 20200616202256.0 | ||
| 008 | 191128t1990 ck gr 000 0 spa d | ||
| 040 |
_aCO-JMCR _cCO-JMCR |
||
| 041 | 0 | _aspa | |
| 082 | 0 | 4 |
_a330.126 / _bV182d _223 |
| 100 | 1 |
_aVallejo Mejía, Cesar, _eautor _95673 |
|
| 245 | 1 | 0 |
_aDemocratización de la economía colombiana / _cCesar Vallejo Mejía, Francisco de Roux, Luis Emiro Valencia |
| 260 |
_aBogotá : _bPrograma de las Naciones Unidas para el Desarrollo : Comisión Presidencial para la Reforma de la Administración Pública del Estado Colombiano, _c1990 |
||
| 300 |
_a97 páginas _c21 cm. |
||
| 505 | 1 | _aDemocratización de la economía colombiana. Objetivo esencial de la intervención del Estado -- Comentario a la ponencia sobre democratización de la economía -- Comentario a la ponencia: "La intervención del Estado en la economía" | |
| 650 | 1 | 4 |
_aEconomía colombiana _95674 |
| 650 | 2 | 4 |
_aEconomía _xdemocracia _95675 |
| 650 | 2 | 4 |
_aIntervención del estado _zColombia _95676 |
| 700 | 1 |
_aRoux, Francisco de., _eautor _95677 |
|
| 700 | 1 |
_a Valencia, Luis Emiro, _eautor _95678 |
|
| 942 |
_2ddc _cBK |
||